[Event "21st European Teams"]
[Site "Hersonissos GRE"]
[Date "2017.10.31"]
[Round "4.5"]
[Board "4"]
[White "Kuzubov, Yuriy"]
[Black "Sanal, Vahap"]
[Result "0-1"]
[WhiteTitle "GM"]
[BlackTitle "GM"]
[WhiteElo "2690"]
[BlackElo "2549"]
[WhiteTeam "Ukraine"]
[BlackTeam "Turkey"]
[WhiteFideId "14112906"]
[BlackFideId "6300545"]
[EventDate "2017.10.28"]

1. d4 Nf6 2. c4 e6 3. Nf3 b6 4. g3 Bb7 5. Bg2 Be7 6. O-O O-O 7. Nc3 Ne4 8. Bd2
Nxd2 9. Qxd2 d6 10. Qc2 g6 11. b4 Bf6 12. Rfd1 Bg7 13. e3 Qe7 14. a4 c5 15. dxc5
dxc5 16. b5 a5 17. Rac1 Nd7 18. Ne1 Bxg2 19. Kxg2 Ne5 20. Qe2 f5 21. Nb1 g5 22.
Nd2 g4 23. Nd3 Nxd3 24. Qxd3 h5 25. h4 Rad8 26. Qe2 Rd6 27. Nf1 Rfd8 28. Kg1 Qd7
29. Re1 e5 30. f3 e4 31. f4 Rd3 32. Qa2 Bc3 33. Re2 Kf7 34. Kf2 Qd6 35. Qb1 Qe6
36. Qa2 Qf6 37. Qb1 Bb4 38. Rcc2 R8d7 39. Rc1 Ba3 40. Rce1 R7d6 41. Ra2 Ke7 42.
Ke2 Rc3 43. Rc2 Rdd3 44. Rd1 Rb3 45. Qa2 Bb4 46. Qa1 Ra3 47. Ra2 Qxa1 48. Raxa1
Rxd1 49. Rxa3 Re1+ 50. Kf2 Rc1 51. Ra2 Rxc4 52. Ke2 Rc1 0-1

[Event "21st European Teams"]
[Site "Hersonissos GRE"]
[Date "2017.10.31"]
[Round "4.6"]
[Board "1"]
[White "Navara, David"]
[Black "Markus, Robert"]
[Result "1-0"]
[WhiteTitle "GM"]
[BlackTitle "GM"]
[WhiteElo "2726"]
[BlackElo "2644"]
[WhiteTeam "Czech Republic"]
[BlackTeam "Serbia"]
[WhiteFideId "309095"]
[BlackFideId "921637"]
[EventDate "2017.10.28"]

1. d4 Nf6 2. c4 d6 3. Nf3 Nbd7 4. Nc3 g6 5. g3 Bg7 6. Bg2 O-O 7. O-O e5 8. e4
exd4 9. Nxd4 Re8 10. h3 Nc5 11. Re1 Bd7 12. Bf4 h6 13. Qc2 Qc8 14. Kh2 Ne6 15.
Nxe6 Bxe6 16. Nd5 Nd7 17. Rad1 Ne5 18. Bd2 c6 19. Ne3 b5 20. Bc3 bxc4 21. Rxd6
Qc7 22. Red1 Rad8 23. Rxd8 Rxd8 24. f4 Rxd1 25. Qxd1 Qb6 26. Qd2 Nd3 27. Bxg7
Kxg7 28. f5 gxf5 29. exf5 Bd5 30. Ng4 Kf8 31. Qxh6+ Ke7 32. Qf6+ Kf8 33. Qd6+
Kg8 34. Nf6+ Kg7 35. Ng4 Kg8 36. Qh6 1-0

[Event "21st European Teams"]
[Site "Hersonissos GRE"]
[Date "2017.10.31"]
[Round "4.6"]
[Board "3"]
[White "Hracek, Zbynek"]
[Black "Perunovic, Milos"]
[Result "0-1"]
[WhiteTitle "GM"]
[BlackTitle "GM"]
[WhiteElo "2610"]
[BlackElo "2608"]
[WhiteTeam "Czech Republic"]
[BlackTeam "Serbia"]
[WhiteFideId "300071"]
[BlackFideId "921629"]
[EventDate "2017.10.28"]

1. e4 c5 2. Nf3 e6 3. d4 cxd4 4. Nxd4 Nc6 5. Nc3 Qc7 6. f4 a6 7. Nxc6 Qxc6 8.
Bd3 b5 9. Qe2 Bb7 10. Bd2 Rc8 11. a3 h5 12. Rf1 b4 13. axb4 Bxb4 14. e5 f5 15.
Nb1 Be7 16. Na3 Nh6 17. Nc4 O-O 18. Qxh5 Kh7 19. g3 Qc7 20. Qe2 Bd5 21. Ne3 Be4
22. Bxe4 fxe4 23. Rxa6 Qb7 24. b3 Nf5 25. Ra4 Bc5 26. Nxf5 exf5 27. Qa6 Qd5 28.
Qc4 Bf2+ 29. Rxf2 Rxc4 30. Rxc4 Ra8 31. Ke2 Ra2 32. Bc1 Qb5 33. Kd1 Qd5+ 34. Rd2
Qb7 35. Ke2 e3 36. Rd1 Qxb3 0-1

[Event "21st European Teams"]
[Site "Hersonissos GRE"]
[Date "2017.10.31"]
[Round "4.6"]
[Board "4"]
[White "Indjic, Aleksandar"]
[Black "Stocek, Jiri"]
[Result "1/2-1/2"]
[WhiteTitle "GM"]
[BlackTitle "GM"]
[WhiteElo "2591"]
[BlackElo "2581"]
[WhiteTeam "Serbia"]
[BlackTeam "Czech Republic"]
[WhiteFideId "911925"]
[BlackFideId "304760"]
[EventDate "2017.10.28"]

1. d4 e6 2. Bf4 b6 3. e3 Bb7 4. Nf3 f5 5. h3 Bd6 6. Bxd6 cxd6 7. c4 Nf6 8. d5
Na6 9. Nc3 O-O 10. Be2 Ne4 11. Rc1 Rc8 12. Nb5 Nc7 13. Nxc7 Rxc7 14. O-O exd5
15. Nd4 a6 16. cxd5 Rxc1 17. Qxc1 b5 18. Bd3 Bxd5 19. Bxe4 Bxe4 20. Qd2 Qg5 21.
f3 Bb7 22. Rc1 f4 23. exf4 Qxf4 24. Qxf4 Rxf4 25. Rd1 Kf8 26. Kf2 Ke7 27. Ke3
Rf8 28. Rc1 Kd8 29. h4 Re8+ 30. Kf4 Rf8+ 31. Kg5 Rf6 32. h5 Bd5 33. a3 h6+ 34.
Kg4 Be6+ 35. Kg3 Bf7 36. Rh1 Be6 37. Kf2 Rf8 38. Rh4 Ke7 39. g4 b4 40. axb4 Rb8
41. b5 axb5 42. Rh1 Ra8 43. Re1 Ra2 44. Re2 b4 45. Nf5+ Kf6 46. Nxd6 Ra1 47.
Ne4+ Kf7 48. Nc5 Rd1 49. Ke3 Ke7 50. Nxe6 dxe6 51. Rd2 Rb1 52. Kd4 Rc1 53. Rd3
Kd6 54. Ke4+ Kc6 55. Rd4 Re1+ 56. Kd3 Kb5 57. b3 Rb1 58. Kc2 Rf1 59. Rf4 Kc5 60.
Rc4+ Kb5 61. Rf4 Kc5 62. Rc4+ Kb5 63. Rf4 1/2-1/2

[Event "21st European Teams"]
[Site "Hersonissos GRE"]
[Date "2017.10.31"]
[Round "4.7"]
[Board "1"]
[White "Adams, Michael"]
[Black "Vocaturo, Daniele"]
[Result "1/2-1/2"]
[WhiteTitle "GM"]
[BlackTitle "GM"]
[WhiteElo "2727"]
[BlackElo "2607"]
[WhiteTeam "England"]
[BlackTeam "Italy"]
[WhiteFideId "400041"]
[BlackFideId "813192"]
[EventDate "2017.10.28"]

1. e4 e5 2. Nf3 Nf6 3. Nxe5 d6 4. Nf3 Nxe4 5. Nc3 Nf6 6. d4 Be7 7. Bd3 O-O 8. h3
b6 9. Ne2 Bb7 10. Ng3 Re8 11. O-O Bf8 12. Bf4 Nbd7 13. c4 g6 14. d5 Ne5 15. Be2
Nxf3+ 16. Bxf3 Bg7 17. Qd2 Nd7 18. Bg5 Bf6 19. h4 Bxg5 20. hxg5 h6 21. gxh6 Qh4
22. Rfe1 Kh7 23. Ne4 Re5 24. g3 Qxh6 25. Qxh6+ Kxh6 26. Nc3 Rae8 27. Rxe5 Nxe5
28. Be2 a6 29. f4 Nd7 30. Kf2 Nf6 31. Bf3 Bc8 32. Rh1+ Kg7 33. Re1 Rh8 34. Kg2
Bh3+ 35. Kg1 Bd7 36. a3 Kf8 37. Re3 Rg8 38. Ne4 1/2-1/2

[Event "21st European Teams"]
[Site "Hersonissos GRE"]
[Date "2017.10.31"]
[Round "4.7"]
[Board "2"]
[White "Brunello, Sabino"]
[Black "Short, Nigel D"]
[Result "0-1"]
[WhiteTitle "GM"]
[BlackTitle "GM"]
[WhiteElo "2555"]
[BlackElo "2698"]
[WhiteTeam "Italy"]
[BlackTeam "England"]
[WhiteFideId "813613"]
[BlackFideId "400025"]
[EventDate "2017.10.28"]

1. d4 Nf6 2. c4 b6 3. f3 Nc6 4. Nc3 e5 5. d5 Ne7 6. e4 Ng6 7. Be3 Bc5 8. Bxc5
bxc5 9. Qd2 d6 10. Bd3 O-O 11. O-O-O Bd7 12. Nge2 c6 13. dxc6 Bxc6 14. h4 Rb8
15. h5 Ne7 16. g4 Qb6 17. Ng3 h6 18. Rh2 Nh7 19. f4 Bd7 20. Nf5 Bxf5 21. exf5 f6
22. Be4 Rfd8 23. Rg1 Kh8 24. g5 Qb4 25. gxh6 gxh6 26. fxe5 dxe5 27. Qxh6 Rg8 28.
Rhg2 Rg5 29. Rxg5 Qxb2+ 30. Kd1 fxg5 31. f6 Rd8+ 0-1

[Event "21st European Teams"]
[Site "Hersonissos GRE"]
[Date "2017.10.31"]
[Round "4.7"]
[Board "3"]
[White "Howell, David W L"]
[Black "Dvirnyy, Danyyil"]
[Result "0-1"]
[WhiteTitle "GM"]
[BlackTitle "GM"]
[WhiteElo "2698"]
[BlackElo "2542"]
[WhiteTeam "England"]
[BlackTeam "Italy"]
[WhiteFideId "410608"]
[BlackFideId "817570"]
[EventDate "2017.10.28"]

1. e4 c6 2. d4 d5 3. e5 Bf5 4. h4 h5 5. Bd3 Bxd3 6. Qxd3 Qa5+ 7. Nd2 Qa6 8. e6
Qxd3 9. exf7+ Kxf7 10. cxd3 Nh6 11. Ndf3 Nd7 12. Nh3 Nf5 13. Nhg5+ Kg8 14. Ne6
g6 15. O-O Bg7 16. Nxg7 Kxg7 17. Bd2 a5 18. Rfe1 Rhe8 19. Rac1 e6 20. Re2 Kf6
21. g3 Rac8 22. Rce1 b6 23. Bg5+ Kf7 24. Bd2 Kf6 25. Bc3 Rc7 26. Kg2 Rcc8 27.
Kh3 Nh6 28. a4 Nf5 29. b3 Rc7 30. Bb2 b5 31. Bc3 b4 32. Bb2 Ng7 33. Ng5 Nf8 34.
Bc1 Nf5 35. Bf4 Rcc8 36. f3 Ke7 37. Be5 Nd7 38. g4 Nxe5 39. gxf5 Nxd3 40. Rxe6+
Kd7 41. Rxe8 Rxe8 42. Rxe8 Kxe8 43. fxg6 Nf4+ 44. Kg3 Nxg6 45. Ne6 Kf7 46. Nd8+
Kf6 47. Nxc6 Ne7 48. Nxa5 Nf5+ 49. Kf4 Nxd4 50. Nb7 Nxb3 51. a5 Nd4 52. a6 b3
53. a7 b2 54. a8=Q Ne6+ 55. Kg3 b1=Q 56. Qh8+ Ke7 57. Kh2 Qf5 58. Qc3 Qf4+ 59.
Kh3 d4 60. Qa3+ Kd7 61. Na5 Qf5+ 62. Kg3 Qe5+ 63. Kg2 Qe2+ 64. Kg3 Qe1+ 65. Kh2
Qxh4+ 66. Kg1 Qe1+ 67. Kh2 Qe5+ 68. Kh1 Qb5 69. Qa2 Qf1+ 70. Kh2 Qxf3 71. Nc4
Ke7 72. Qa6 Qf4+ 73. Kh1 h4 74. Qb7+ Kf6 75. Qc8 Qe4+ 76. Kh2 d3 77. Qh8+ Ke7
78. Qc3 Qf4+ 79. Kh1 Qf3+ 80. Kh2 Qf2+ 81. Kh1 h3 82. Qa3+ Kf6 83. Qa1+ Nd4 84.
Qa6+ Kg5 85. Qa5+ Kg4 86. Ne3+ Qxe3 87. Qh5+ Kxh5 0-1

[Event "21st European Teams"]
[Site "Hersonissos GRE"]
[Date "2017.10.31"]
[Round "4.7"]
[Board "4"]
[White "Moroni, Luca Jr"]
[Black "McShane, Luke J"]
[Result "1/2-1/2"]
[WhiteTitle "GM"]
[BlackTitle "GM"]
[WhiteElo "2506"]
[BlackElo "2647"]
[WhiteTeam "Italy"]
[BlackTeam "England"]
[WhiteFideId "865834"]
[BlackFideId "404853"]
[EventDate "2017.10.28"]

1. d4 Nf6 2. c4 g6 3. g3 Bg7 4. Bg2 O-O 5. Nc3 d6 6. Nf3 Nc6 7. O-O Re8 8. b3
Bf5 9. Bb2 Ne4 10. Nd5 a5 11. Nh4 e6 12. Nf4 a4 13. bxa4 Nxd4 14. Nxf5 gxf5 15.
Nh5 e5 16. f4 Nc5 17. Rb1 Bh8 18. fxe5 dxe5 19. e3 Nde6 20. Rxf5 Qxd1+ 21. Rxd1
Red8 22. Rdf1 Rxa4 23. Rxf7 Rxa2 24. Bc3 Rc2 25. Ba1 c6 26. Re7 Rf8 27. Rd1 Rff2
28. Bh3 Ng5 29. Bg4 Nce4 30. Rd8+ Rf8 31. Rxf8+ Kxf8 32. Rxb7 Rc1+ 33. Kg2 Rc2+
34. Kg1 Rc1+ 35. Kg2 Rxa1 36. Rb8+ Ke7 37. Rxh8 Ra2+ 38. Kg1 Ra1+ 39. Kg2 Ra2+
40. Kg1 Ra1+ 1/2-1/2

[Event "21st European Teams"]
[Site "Hersonissos GRE"]
[Date "2017.10.31"]
[Round "4.8"]
[Board "1"]
[White "Lupulescu, Constantin"]
[Black "Jobava, Baadur"]
[Result "1-0"]
[WhiteTitle "GM"]
[BlackTitle "GM"]
[WhiteElo "2620"]
[BlackElo "2705"]
[WhiteTeam "Romania"]
[BlackTeam "Georgia"]
[WhiteFideId "1207822"]
[BlackFideId "13601520"]
[EventDate "2017.10.28"]

1. d4 Nf6 2. c4 e6 3. Nf3 b6 4. Bf4 Bb7 5. e3 Bb4+ 6. Nfd2 d6 7. a3 Bxd2+ 8.
Nxd2 Nbd7 9. Bg3 Qe7 10. f3 e5 11. d5 e4 12. f4 Ng8 13. Qc2 f5 14. Nb3 Nh6 15.
Nd4 O-O 16. Be2 Rfc8 17. b4 Nb8 18. Qd2 c5 19. dxc6 Bxc6 20. O-O Ba4 21. Rfc1 a6
22. Bf1 Nd7 23. Qe1 Nf8 24. Bh4 Qd7 25. Qd2 Nf7 26. Ne2 Ng6 27. Be1 Ne7 28. Rab1
d5 29. Nc3 dxc4 30. Nxa4 Qxa4 31. Bxc4 Kf8 32. Qb2 Nd6 33. Bb3 Qe8 34. Qe5 Rxc1
35. Rxc1 Rc8 36. Bc3 Qg6 37. Rd1 Rc6 38. Bb2 h5 39. Qd4 h4 40. h3 Ne8 41. Qd2
Rd6 42. Qe2 Rxd1+ 43. Qxd1 Qd6 44. Qh5 1-0

[Event "21st European Teams"]
[Site "Hersonissos GRE"]
[Date "2017.10.31"]
[Round "4.8"]
[Board "2"]
[White "Mchedlishvili, Mikheil"]
[Black "Parligras, Mircea-Emilian"]
[Result "1-0"]
[WhiteTitle "GM"]
[BlackTitle "GM"]
[WhiteElo "2604"]
[BlackElo "2616"]
[WhiteTeam "Georgia"]
[BlackTeam "Romania"]
[WhiteFideId "13600966"]
[BlackFideId "1204297"]
[EventDate "2017.10.28"]

1. c4 c5 2. Nc3 Nc6 3. g3 g6 4. Bg2 Bg7 5. Nf3 e5 6. d3 Nge7 7. O-O d6 8. a3 O-O
9. Rb1 a5 10. Bd2 h6 11. Ne1 Be6 12. Nc2 d5 13. cxd5 Nxd5 14. Ne3 Nb6 15. Ne4
Qe7 16. Qc1 Nd7 17. Nc3 Kh7 18. Ned5 Qd8 19. e3 Rc8 20. Qc2 Nd4 21. Qd1 Nc6 22.
Qb3 Rb8 23. Rfc1 Re8 24. h4 Bf8 25. Qd1 Rc8 26. Be1 Kg7 27. b3 Rb8 28. Nb5 Rc8
29. Qe2 Nb6 30. Ndc3 Nd5 31. Na4 b6 32. Rd1 Rb8 33. Nac3 Qd7 34. Nxd5 Bxd5 35.
Bxd5 Qxd5 36. Nc7 Qd7 37. Nxe8+ Rxe8 38. Qf3 Re6 39. Bc3 Kg8 40. Rd2 b5 41. h5
g5 42. Rbd1 Rd6 43. b4 axb4 44. axb4 cxb4 45. Bb2 g4 46. Qe2 Bg7 47. e4 Bf8 48.
Ra1 Be7 49. Rdd1 Bd8 50. Qe3 Rf6 51. Ra8 Kh7 52. Qc5 Be7 53. Qxb5 Qe6 54. Rc1
Qb3 55. Bxe5 Nxe5 56. Qxe5 Qxd3 57. Qb8 1-0

[Event "21st European Teams"]
[Site "Hersonissos GRE"]
[Date "2017.10.31"]
[Round "4.8"]
[Board "3"]
[White "Szabo, Gergely-Andras-Gyula"]
[Black "Jojua, Davit"]
[Result "1/2-1/2"]
[WhiteTitle "GM"]
[BlackTitle "GM"]
[WhiteElo "2563"]
[BlackElo "2591"]
[WhiteTeam "Romania"]
[BlackTeam "Georgia"]
[WhiteFideId "1205064"]
[BlackFideId "13602543"]
[EventDate "2017.10.28"]

1. d4 d5 2. c4 e6 3. Nc3 Be7 4. cxd5 exd5 5. Bf4 c6 6. Qc2 Bd6 7. Bxd6 Qxd6 8.
e3 Ne7 9. Bd3 b6 10. Nf3 Ba6 11. O-O Bxd3 12. Qxd3 O-O 13. Rac1 Nd7 14. Qa6 Rac8
15. Rc2 Rc7 16. Rfc1 Rfc8 17. Ne1 Nb8 18. Qe2 Ng6 19. b4 Nf8 20. Nd3 Ne6 21. a4
Nd7 22. Qf3 Nf6 23. Qf5 Qe7 24. h3 h6 25. Qe5 Qd8 26. Ne2 Ne8 27. Nef4 Ng5 28.
Nh5 Ne4 29. b5 g6 30. f3 N4d6 31. bxc6 gxh5 32. Qxd5 Qg5 33. Nf4 Re7 34. h4 Qf5
35. Rc3 Kf8 36. Kf2 Rd8 37. Qxf5 Nxf5 38. d5 Nxh4 39. e4 Ng6 40. Nxh5 Nc7 41.
Ng3 Re5 42. Rh1 Ne8 43. Nf5 Rxf5 44. exf5 Ne7 45. c7 Rc8 46. d6 Nxd6 47. f6 Ng8
48. Rd1 Nb7 49. Rc6 Ke8 50. g4 Na5 51. Rc3 Nb7 52. Rc6 Na5 53. Rc2 Nb7 54. a5
Nxf6 55. Re2+ Kf8 56. a6 Rxc7 57. axb7 Rxb7 58. Re5 Nd7 59. Rh5 Kg7 60. Rdh1 b5
61. Rxh6 a5 62. Rh7+ Kg8 63. g5 Nf8 64. Rh8+ Kg7 65. f4 Ne6 66. Kf3 Rc7 67.
R1h7+ Kg6 68. Rh6+ Kg7 69. R6h7+ Kg6 70. Rh6+ Kg7 71. R6h7+ 1/2-1/2

[Event "21st European Teams"]
[Site "Hersonissos GRE"]
[Date "2017.10.31"]
[Round "4.8"]
[Board "4"]
[White "Paichadze, Luka"]
[Black "Nevednichy, Vladislav"]
[Result "1/2-1/2"]
[WhiteTitle "GM"]
[BlackTitle "GM"]
[WhiteElo "2580"]
[BlackElo "2524"]
[WhiteTeam "Georgia"]
[BlackTeam "Romania"]
[WhiteFideId "13602934"]
[BlackFideId "1205730"]
[EventDate "2017.10.28"]

1. e4 c5 2. Nf3 e6 3. c3 d5 4. exd5 Qxd5 5. d4 Nf6 6. Na3 Be7 7. Nc2 O-O 8. Bd3
b6 9. O-O Bb7 10. Re1 Nc6 11. Be3 Rfd8 12. Qe2 cxd4 13. Ncxd4 Ne5 14. Ba6 Bxa6
15. Qxa6 Nc4 16. Bc1 Nd7 17. b3 Nce5 18. Nxe5 Nxe5 19. Qe2 Bf6 20. Be3 a6 21. c4
Qe4 22. f3 Qb7 23. Rad1 h5 24. Nc2 b5 25. c5 Nc6 26. Bf2 Ne7 27. Qe4 Qxe4 28.
fxe4 Nc6 29. Bg3 Rxd1 30. Rxd1 Rd8 31. Rd6 Rxd6 32. Bxd6 Bd4+ 33. Kf1 f6 34. a4
bxa4 35. bxa4 e5 36. Ke2 Kf7 37. Kd3 Ke6 38. h3 h4 39. Ne1 Bf2 40. Nf3 g6 41.
Ke2 Bg3 42. Kd3 Bf2 43. Ke2 Bg3 44. Kd3 Kd7 45. Kc4 Bf2 46. Kd5 Nb4+ 47. Kc4 Nc6
48. Kd5 Nb4+ 49. Kc4 Nc6 1/2-1/2

[Event "21st European Teams"]
[Site "Hersonissos GRE"]
[Date "2017.10.31"]
[Round "4.9"]
[Board "1"]
[White "Zhigalko, Sergei"]
[Black "Anton Guijarro, David"]
[Result "1/2-1/2"]
[WhiteTitle "GM"]
[BlackTitle "GM"]
[WhiteElo "2638"]
[BlackElo "2651"]
[WhiteTeam "Belarus"]
[BlackTeam "Spain"]
[WhiteFideId "13502956"]
[BlackFideId "2285525"]
[EventDate "2017.10.28"]

1. e4 e5 2. Nf3 Nc6 3. Bb5 a6 4. Ba4 Nf6 5. O-O Nxe4 6. d4 b5 7. Bb3 d5 8. dxe5
Be6 9. Qe2 Be7 10. Rd1 O-O 11. c4 bxc4 12. Bxc4 Bc5 13. Be3 Bxe3 14. Qxe3 Qb8
15. Bb3 Qb6 16. Qxb6 cxb6 17. Na3 Rfd8 18. Nc2 Nc5 19. Ncd4 Na5 20. Bc2 Nc4 21.
b3 Na3 22. Bd3 Rac8 23. Nxe6 fxe6 24. Be2 Nc2 25. Rac1 Nb4 26. a3 Nbd3 27. Rb1
Nf4 28. Bf1 Ng6 29. Re1 b5 30. Nd4 Kf7 31. g3 Ne7 32. b4 Nd7 33. Bh3 Nf8 34. Re3 1/2-1/2

[Event "21st European Teams"]
[Site "Hersonissos GRE"]
[Date "2017.10.31"]
[Round "4.9"]
[Board "2"]
[White "Salgado Lopez, Ivan"]
[Black "Kovalev, Vladislav"]
[Result "1/2-1/2"]
[WhiteTitle "GM"]
[BlackTitle "GM"]
[WhiteElo "2629"]
[BlackElo "2636"]
[WhiteTeam "Spain"]
[BlackTeam "Belarus"]
[WhiteFideId "2257327"]
[BlackFideId "13504398"]
[EventDate "2017.10.28"]

1. e4 e5 2. Nf3 Nc6 3. Bb5 a6 4. Ba4 Nf6 5. O-O Be7 6. Re1 b5 7. Bb3 d6 8. c3
O-O 9. h3 Bb7 10. d4 Re8 11. Nbd2 Bf8 12. a3 h6 13. Bc2 d5 14. dxe5 Nxe5 15.
Nxe5 Rxe5 16. Nf3 Rxe4 17. Bxe4 dxe4 18. Qxd8 Rxd8 19. Nd4 Nd5 20. Rd1 Nb6 21.
Bf4 Na4 22. Nc2 Rc8 23. Rd7 Nxb2 24. Rxc7 Rxc7 25. Bxc7 Bc5 26. Be5 f6 27. Bd4
Be7 28. Rb1 Nc4 29. a4 Bc6 30. Nb4 Bxb4 31. axb5 Bxb5 32. cxb4 Kf7 33. Rd1 g5
34. Bc3 h5 35. g3 Ke6 36. Rd8 Ne5 37. Rh8 Nf7 38. Rb8 Ne5 39. Rf8 Nf7 40. Kg2
Ne5 41. Rh8 Nf7 42. Rg8 Ne5 43. Rf8 Nd7 44. Rh8 Be2 45. Rh7 Ne5 46. Rh6 Kf5 47.
Rh8 Ke6 48. Re8+ Kd7 49. Rb8 Ke6 50. Rb6+ Kf5 51. Rd6 Bb5 52. h4 gxh4 53. gxh4
Kg4 54. Rxf6 Nf3 55. Rg6+ Kf4 56. Rf6+ Kg4 57. Rg6+ Kf4 58. Rf6+ 1/2-1/2

[Event "21st European Teams"]
[Site "Hersonissos GRE"]
[Date "2017.10.31"]
[Round "4.9"]
[Board "3"]
[White "Aleksandrov, Aleksej"]
[Black "Lopez Martinez, Josep Manuel"]
[Result "1-0"]
[WhiteTitle "GM"]
[BlackTitle "GM"]
[WhiteElo "2588"]
[BlackElo "2607"]
[WhiteTeam "Belarus"]
[BlackTeam "Spain"]
[WhiteFideId "13500139"]
[BlackFideId "2212943"]
[EventDate "2017.10.28"]

1. d4 e6 2. c4 Nf6 3. Nc3 Bb4 4. e3 O-O 5. Ne2 Re8 6. a3 Bf8 7. Ng3 d5 8. Be2
dxc4 9. O-O Nc6 10. Bxc4 a6 11. f4 g6 12. Ba2 Bg7 13. Qf3 Ne7 14. Rd1 Nfd5 15.
e4 Nxc3 16. bxc3 c5 17. dxc5 Qc7 18. Be3 Bd7 19. Bd4 Rad8 20. Qf2 Ba4 21. Rd2
Nc6 22. e5 Nxd4 23. cxd4 Bc6 24. Rad1 Qa5 25. Qe3 Rd7 26. Bb1 Red8 27. Be4 Ba4
28. Bc2 Bc6 29. Be4 Ba4 30. Rc1 f6 31. Bc2 fxe5 32. fxe5 Bc6 33. Bb3 Bd5 34.
Bxd5 Rxd5 35. Rcd1 Bxe5 36. Ne2 Bg7 37. Qxe6+ Kh8 38. Rd3 Qc7 39. h3 R5d7 40.
Re3 g5 41. Re4 h6 42. Rf1 Qa5 43. h4 gxh4 44. Rxh4 Qd2 45. Rff4 Kh7 46. Qe4+ Kg8
47. Qe6+ Kh7 48. Kh2 Rc7 49. Qe4+ Kg8 50. Qe6+ Kh7 51. Ng1 Rc6 52. Qf5+ Kh8 53.
Nf3 Qe3 54. Ng5 1-0

[Event "21st European Teams"]
[Site "Hersonissos GRE"]
[Date "2017.10.31"]
[Round "4.9"]
[Board "4"]
[White "Ibarra Jerez, Jose Carlos"]
[Black "Fedorov, Alexei"]
[Result "0-1"]
[WhiteTitle "GM"]
[BlackTitle "GM"]
[WhiteElo "2561"]
[BlackElo "2582"]
[WhiteTeam "Spain"]
[BlackTeam "Belarus"]
[WhiteFideId "2226332"]
[BlackFideId "13500465"]
[EventDate "2017.10.28"]

1. d4 Nf6 2. Bf4 g6 3. Nc3 d5 4. e3 Bg7 5. h4 h5 6. Nb5 Na6 7. Nf3 c6 8. Nc3 Nb8
9. Be2 Bg4 10. Ne5 Bxe2 11. Qxe2 Nbd7 12. f3 Rc8 13. O-O-O b5 14. Qd3 Qa5 15. a3
Nb6 16. e4 b4 17. axb4 Qxb4 18. Qa6 O-O 19. Rhe1 e6 20. Na2 Qe7 21. Bg5 c5 22.
Qa3 dxe4 23. fxe4 Qc7 24. Qxc5 Qb7 25. Qa3 Nxe4 26. Qf3 Qa6 27. Kb1 Nxg5 28.
hxg5 Bxe5 29. dxe5 Nc4 30. c3 Qb5 31. Qe2 Rc5 32. g4 Rxe5 33. Qf2 Rxe1 34. Rxe1
Rd8 35. b4 Qa4 0-1

[Event "21st European Teams"]
[Site "Hersonissos GRE"]
[Date "2017.10.31"]
[Round "4.10"]
[Board "3"]
[White "Naiditsch, Arkadij"]
[Black "Morozov, Nichita"]
[Result "1-0"]
[WhiteTitle "GM"]
[BlackTitle "IM"]
[WhiteElo "2702"]
[BlackElo "2467"]
[WhiteTeam "Azerbaijan"]
[BlackTeam "Moldova"]
[WhiteFideId "4650891"]
[BlackFideId "13900897"]
[EventDate "2017.10.28"]

1. e4 e5 2. Nf3 Nc6 3. Bb5 a6 4. Ba4 Nf6 5. Nc3 Bc5 6. O-O O-O 7. d3 Re8 8. Bg5
h6 9. Bh4 Be7 10. Bxc6 dxc6 11. Qe1 Nd7 12. Bxe7 Qxe7 13. d4 exd4 14. Nxd4 Nf6
15. f3 c5 16. Nde2 b5 17. Nf4 Bb7 18. Qe3 c4 19. Rad1 Qb4 20. a3 Qxb2 21. Ra1 g5
22. Ra2 gxf4 23. Qe1 1-0

[Event "21st European Teams"]
[Site "Hersonissos GRE"]
[Date "2017.10.31"]
[Round "4.10"]
[Board "4"]
[White "Macovei, Andrei"]
[Black "Mamedov, Rauf"]
[Result "0-1"]
[WhiteTitle "FM"]
[BlackTitle "GM"]
[WhiteElo "2328"]
[BlackElo "2678"]
[WhiteTeam "Moldova"]
[BlackTeam "Azerbaijan"]
[WhiteFideId "13904680"]
[BlackFideId "13401653"]
[EventDate "2017.10.28"]

1. e4 g6 2. d4 Bg7 3. Nf3 d6 4. c3 Nf6 5. Bd3 O-O 6. O-O Nc6 7. Re1 e5 8. h3 Re8
9. Nbd2 a5 10. Nf1 Bd7 11. Ng3 a4 12. Bd2 h6 13. Qc2 Nh7 14. d5 Ne7 15. Nh2 c6
16. c4 b5 17. dxc6 Nxc6 18. Nf3 b4 19. Nf1 Nf8 20. Ne3 Ne6 21. Nd5 Rb8 22. b3
axb3 23. axb3 Nc5 24. Be3 Be6 25. Ra2 Nd4 26. Nxd4 exd4 27. Bd2 Bxd5 28. cxd5
Qb6 29. Qb1 Ra8 30. Rxa8 Rxa8 31. Bc4 Ra3 32. Bc1 Ra8 33. Kh2 d3 34. Be3 Qc7 35.
Bxc5 Qxc5 36. Qxd3 Qxf2 37. Rf1 Be5+ 38. Kh1 Qh4 39. Qf3 Qe7 40. Qf2 h5 41. h4
Ra2 42. Qe1 Kg7 43. Bd3 Rb2 44. Bc4 Bc3 45. Qg3 Qxe4 46. Bd3 Qe7 0-1

[Event "21st European Teams"]
[Site "Hersonissos GRE"]
[Date "2017.10.31"]
[Round "4.11"]
[Board "1"]
[White "Edouard, Romain"]
[Black "Tari, Aryan"]
[Result "1/2-1/2"]
[WhiteTitle "GM"]
[BlackTitle "GM"]
[WhiteElo "2607"]
[BlackElo "2578"]
[WhiteTeam "France"]
[BlackTeam "Norway"]
[WhiteFideId "633429"]
[BlackFideId "1510045"]
[EventDate "2017.10.28"]

1. Nf3 Nf6 2. c4 c5 3. b3 g6 4. Bb2 Bg7 5. g3 b6 6. Bg2 Bb7 7. O-O O-O 8. d4
cxd4 9. Qxd4 Na6 10. Nc3 Ne4 11. Qe3 Nxc3 12. Bxc3 Bxc3 13. Qxc3 Nc5 14. Rad1
Qc7 15. Ne5 Bxg2 16. Kxg2 Qb7+ 17. f3 Rad8 18. Ng4 f6 19. Ne3 d6 20. Nd5 f5 21.
b4 Ne6 22. Qe3 Qd7 23. c5 bxc5 24. bxc5 Nxc5 25. Nxe7+ Kf7 26. Nd5 Qe6 27. Qd4
Qe5 28. Qc4 Kg7 29. Rd2 Rc8 30. Qh4 Rb8 31. Rfd1 Rb2 32. Qc4 Rxd2 33. Rxd2 Rb8
34. Nc3 Rb6 35. a4 a6 36. a5 Rb3 37. Nd5 Rb5 38. Nf4 Rxa5 39. Rd5 Qf6 40. Qc2 1/2-1/2